Szimbolikus legitimáció
Elmentve itt :
| Szerző: | |
|---|---|
| További közreműködők: | |
| Dokumentumtípus: | Szakdolgozat |
| Megjelent: |
1995
|
| Tárgyszavak: | |
| Online Access: | http://diploma.bibl.u-szeged.hu/34337 |
| LEADER | 00525nta a2200157 i 4500 | ||
|---|---|---|---|
| 001 | dipl34337 | ||
| 005 | 20130314094144.0 | ||
| 008 | 110908s1995 hu om 0|| zxx d | ||
| 040 | |a SZTE Diploma Repozitórium |b hun | ||
| 041 | |a zxx | ||
| 100 | 1 | |a Budai Géza | |
| 245 | 1 | 0 | |a Szimbolikus legitimáció |h [elektronikus dokumentum] / |c Géza Budai |
| 260 | |c 1995 | ||
| 650 | 4 | |a Jogi és igazgatási tanulmányok | |
| 700 | 1 | |a Löffler Tibor |e ths | |
| 856 | 4 | 0 | |u http://diploma.bibl.u-szeged.hu/id/eprint/34337/1/1995_budai_geza.pdf |z Dokumentum-elérés |